| 000 | 00471nam a2200193Ia 4500 | ||
|---|---|---|---|
| 008 | 170918s9999 xx 000 0 und d | ||
| 020 | _a306813742 | ||
| 050 | _bB623fr 2000 | ||
| 100 | _aBissinger, H.G. | ||
| 245 | _aFriday night lights : | ||
| 245 | _ba town, a team, and a dream / | ||
| 245 | _cby H.G. Bissinger. | ||
| 260 | _aUSA : | ||
| 260 | _bDa Capo Press, | ||
| 260 | _c2000 | ||
| 300 | _a371 pages : | ||
| 300 | _billustrations ; | ||
| 300 | _c17cm. | ||
| 999 |
_c343413 _d343413 |
||